000 00359nam a2200157Ia 4500
003 OSt
005 20240416143340.0
008 170524s9999 xx 000 0 und d
020 _a ‎ 978-9380027913
040 _cIIMT UNIVERSITY
100 _aGUPTA AMIT
245 0 _aENGINEERING MATHEMATHICS
260 _bSK Kataria
260 _c2009
942 _2ddc
_c02
999 _c5757
_d5757